000 00655cam a22002293a 4500
001 13332
003 PGUSA
005 20140828083303.0
008 040830s2004||||xxu|||||s|||||000 | eng d
040 _aPGUSA
_beng
042 _adc
050 4 _aRC
100 1 _aBenson, Luther
245 1 0 _aFifteen Years in Hell :
_bAn Autobiography
_h[electronic resource] /
_cLuther Benson
260 _bProject Gutenberg,
_c2004
506 _aPublic domain in the USA.
516 _aElectronic text
653 _aAlcoholics -- United States -- Biography
830 0 _aProject Gutenberg
_v13332
856 4 0 _uhttp://www.gutenberg.org/ebooks/13332
942 _cEB
999 _c242587
_d242587